Hans Urs von Balthasar II: Aspectos centrales de su Trilogía.

Furkejuvvon:
Bibliográfalaš dieđut
Váldodahkki: Polanco Fermandois, Rodrigo (autor)
Materiálatiipa: Dovdameahttun
Almmustuhtton: Madrid, España: Encuentro, 2021.
Ráidu:Colección 100XUNO
Fáddágilkorat: Lasit fáddágilkoriid
Eai fáddágilkorat, Lasit vuosttaš fáddágilkora!

MARC

LEADER 00000 a2200000 4500
003 CL-VaPUC
005 20241218115151.0
008 241218t2021 ||||| |||| 00| 0 eng d
999 |c 446342  |d 446340 
020 |a 978-84-1339-079-6 
040 |c Pontificia Universidad Católica de Valparaíso 
100 |a Polanco Fermandois, Rodrigo  |9 893874  |e autor 
245 |a Hans Urs von Balthasar II: Aspectos centrales de su Trilogía. 
260 |a Madrid, España:   |b Encuentro,  |c 2021. 
300 |a 548 páginas. 
490 |a Colección 100XUNO   |n  n° 86. 
583 |k Catalogador Asistente  |c 20241218 
942 |n 1  |2 ddc  |c BK